| 000 | 00469nam a22001457a 4500 | ||
|---|---|---|---|
| 082 | _a621.39 | ||
| 100 | _aBasit, Abdul | ||
| 245 |
_afMRI based Diagnosis of Epilepsy using Functional Differences of Brain / _cAbdul Basit |
||
| 260 |
_aIslamabad : _bCEME - NUST, _c2014. |
||
| 300 |
_a63 p. ; _c30cm. |
||
| 650 |
_aComputer Engineering-MS-Thesis _916083 |
||
| 700 |
_aDr. Ali Hassan _916058 |
||
| 942 |
_2ddc _cTHE |
||
| 999 |
_c536486 _d536486 |
||